Statistics for Solomon Islands Prime Ministers

Click here to take the quiz!

General Stats

  • This quiz has been taken 4 times
  • The average score is 12 of 18

Answer Stats

HintAnswer% Correct
2010-11Danny Philip
100%
1986-89Ezekiel Alebua
100%
2011-14Gordon Darcy Lilo
100%
2019-Manasseh Sogavare
100%
2000-01Manasseh Sogavare
100%
2014-17Manasseh Sogavare
100%
2006-07Manasseh Sogavare
100%
1978-81Peter Kenilorea
100%
1984-86Peter Kenilorea
100%
2006Snyder Rini
100%
2001-06Allan Kemakeza
67%
1997-00Bartholomew Ulufa’alu
67%
2007-10Derek Sikua
67%
1993-94Francis Billy Hilly
33%
2017-19Rick Houenipwela
0%
1981-84Solomon Mamiloni
0%
1994-97Solomon Mamiloni
0%
1989-93Solomon Mamiloni
0%

Score Distribution

Percentile by Number Answered

Percent of People with Each Score

Your Score History

You have not taken this quiz